Normal view
MARC view
- नीरज
Entry Personal Name
001 - CONTROL NUMBER
- control field: 53402
003 - CONTROL NUMBER IDENTIFIER
- control field: OSt
005 - DATE AND TIME OF LATEST TRANSACTION
- control field: 20220806104530.0
008 - FIXED-LENGTH DATA ELEMENTS
- fixed length control field: 220806|| aca||aabn | a|a d
040 ## - CATALOGING SOURCE
- Original cataloging agency: OSt
- Transcribing agency: OSt
100 ## - HEADING--PERSONAL NAME
- Personal name: नीरज
670 ## - SOURCE DATA FOUND
- Source citation: Work cat.: (OSt)30923: नीरज, जागतिकीकीरण की नवी गुलामगिरी ?, 2002